[Event "Djenovici TS03 IM May"]
[Site "Djenovici"]
[Date "2022.05.28"]
[Round "8"]
[White "Nestorovic, Katarina"]
[Black "Pappelis, Dimitrios"]
[Result "0-1"]
[WhiteElo "2051"]
[BlackElo "2170"]
[PlyCount "65"]
[EventDate "2022.05.21"]
[EventType "tourn"]
[EventRounds "9"]
[EventCountry "MNE"]
[EventCategory "1"]
[SourceTitle "EXT 2023"]
[Source "ChessBase"]
[SourceDate "2022.10.05"]
[SourceVersion "1"]
[SourceVersionDate "2022.10.05"]
[SourceQuality "1"]

1. e4 c5 2. Nf3 Nc6 3. d4 cxd4 4. Nxd4 Nf6 5. Nc3 e5 6. Ndb5 d6 7. Nd5 Nxd5 8. exd5 Nb8 9. Qf3 Be7 10. Qc3 Na6 11. Be3 0-0 12. Nxa7 Bd7 13. Bxa6 bxa6 14. Nc6 Bxc6 15. Qxc6 Qb8 16. Rb1 Rc8 17. Qd7 Rc7 18. Qf5 Qb4+ 19. Ke2 Qb5+ 20. Kd2 Qxd5+ 21. Qd3 Qxa2 22. Rhc1 Rac8 23. b3 d5 24. Kd1 Rxc2 25. Ra1 Rxc1+ 26. Rxc1 Rxc1+ 27. Bxc1 Qa5 28. Qf5 Qc7 29. Qd3 Qc6 30. Qf3 f6 31. h4 Qb5 32. Bb2 e4 33. Qf4 0-1

[Event "Djenovici TS03 IM May"]
[Site "Djenovici"]
[Date "2022.05.25"]
[Round "5"]
[White "Nestorovic, Katarina"]
[Black "Kozusek, Daniel"]
[Result "1-0"]
[WhiteElo "2051"]
[BlackElo "2324"]
[PlyCount "59"]
[EventDate "2022.05.21"]
[EventType "tourn"]
[EventRounds "9"]
[EventCountry "MNE"]
[EventCategory "1"]
[SourceTitle "EXT 2023"]
[Source "ChessBase"]
[SourceDate "2022.10.05"]
[SourceVersion "1"]
[SourceVersionDate "2022.10.05"]
[SourceQuality "1"]

1. e4 e6 2. d4 d5 3. Nc3 Nf6 4. Bg5 Bb4 5. e5 h6 6. Bd2 Bxc3 7. Bxc3 Ne4 8. Qg4 g6 9. Ne2 c5 10. f3 Nxc3 11. Nxc3 a6 12. dxc5 Nd7 13. f4 Nxc5 14. 0-0-0 Bd7 15. Kb1 Qe7 16. Be2 0-0-0 17. Rd4 Kb8 18. Qf3 Bc6 19. Rhd1 Qc7 20. Qe3 Ka8 21. Rb4 Nd7 22. Rdd4 Rc8 23. Rb3 Nb8 24. Ka1 Rhd8 25. g4 Qa5 26. Ra3 Qb6 27. b4 Be8 28. b5 Rc7 29. Na4 Qxb5 30. Rxd5 1-0

[Event "SRB-chT (Women) Div1"]
[Site "Vrnjacka Banja"]
[Date "2021.09.08"]
[Round "2.3"]
[White "Nestorovic, Katarina"]
[Black "Vukosavljevic, Tatjana"]
[Result "1-0"]
[WhiteElo "2047"]
[BlackElo "1708"]
[PlyCount "67"]
[EventDate "2021.09.07"]
[EventType "tourn"]
[EventRounds "11"]
[EventCountry "SRB"]
[SourceTitle "CBM 204 Extra"]
[Source "ChessBase"]
[SourceDate "2021.11.30"]
[SourceVersion "1"]
[SourceVersionDate "2021.11.30"]
[SourceQuality "1"]
[WhiteTeam "Novi Sad Sah Kruzok (W)"]
[BlackTeam "Belgrade Vidikovac (W)"]
[WhiteTeamCountry "SRB"]
[BlackTeamCountry "SRB"]

1. e4 e5 2. Nf3 Nf6 3. Nxe5 d6 4. Nf3 Nxe4 5. Nc3 Nxc3 6. dxc3 Be7 7. Bd3 0-0 8. Be3 Nd7 9. Qd2 Nf6 10. 0-0-0 c5 11. c4 b5 12. cxb5 a6 13. bxa6 Bxa6 14. Bxa6 Rxa6 15. a3 Qb6 16. c3 Rb8 17. Qc2 Qb7 18. Rhe1 Rb6 19. Re2 h6 20. Nh4 Ne4 21. Bxh6 Nxc3 22. Rxe7 Na2+ 23. Kd2 Qxe7 24. Nf5 Qe5 25. Bxg7 Qf4+ 26. Ke2 Rxb2 27. Bxb2 Qg4+ 28. Ke1 Qxg2 29. Ne3 Re8 30. Qe2 Qe4 31. Kd2 Qa4 32. Rg1+ Kf8 33. Bg7+ Ke7 34. Nd5+ 1-0

[Event "Belgrade (Women) 52nd"]
[Site "Belgrade"]
[Date "2020.03.08"]
[Round "6"]
[White "Benderac, Ana"]
[Black "Nestorovic, Katarina"]
[Result "1/2-1/2"]
[WhiteElo "2169"]
[BlackElo "2027"]
[PlyCount "92"]
[EventDate "2020.03.03"]
[EventType "tourn"]
[EventRounds "9"]
[EventCountry "SRB"]
[SourceTitle "CBM 195 Extra"]
[Source "ChessBase"]
[SourceDate "2020.05.31"]
[SourceVersion "1"]
[SourceVersionDate "2020.05.31"]
[SourceQuality "1"]

1. d4 Nf6 2. Nf3 e6 3. c4 Bb4+ 4. Bd2 a5 5. Nc3 b6 6. g3 Bb7 7. Bg2 0-0 8. 0-0 Ne4 9. Nxe4 Bxe4 10. Bxb4 axb4 11. Qd2 c5 12. Qe3 Bxf3 13. Bxf3 Ra5 14. dxc5 bxc5 15. Rfd1 Qc7 16. a4 Nc6 17. Bxc6 Qxc6 18. Qf3 Qxf3 19. exf3 Ra7 20. b3 Rb8 21. Rd6 Kf8 22. Rad1 Ke7 23. Kg2 Rbb7 24. g4 Rb8 25. Kg3 f6 26. f4 g6 27. h4 h5 28. f5 gxf5 29. gxf5 Rg8+ 30. Kh3 Rc7 31. R6d3 Rg4 32. Rg3 Rxg3+ 33. Kxg3 Rc8 34. f3 Rg8+ 35. Kf2 Rc8 36. Ra1 Ra8 37. fxe6 dxe6 38. Ke3 Rg8 39. Kf2 Ra8 40. Rg1 Kf7 41. f4 Rd8 42. Ke3 f5 43. Ra1 Ke7 44. Ke2 Ra8 45. Rg1 Kf7 46. Rg5 Rh8 1/2-1/2

[Event "Belgrade (Women) 52nd"]
[Site "Belgrade"]
[Date "2020.03.07"]
[Round "5"]
[White "Cvitan, Ena"]
[Black "Nestorovic, Katarina"]
[Result "1/2-1/2"]
[WhiteElo "2276"]
[BlackElo "2027"]
[PlyCount "89"]
[EventDate "2020.03.03"]
[EventType "tourn"]
[EventRounds "9"]
[EventCountry "SRB"]
[SourceTitle "CBM 195 Extra"]
[Source "ChessBase"]
[SourceDate "2020.05.31"]
[SourceVersion "1"]
[SourceVersionDate "2020.05.31"]
[SourceQuality "1"]

1. d4 Nf6 2. c4 e6 3. a3 d5 4. Nc3 Be7 5. Bf4 0-0 6. e3 b6 7. Nb5 Na6 8. Rc1 Bb7 9. Nf3 c6 10. Nc3 Rc8 11. cxd5 Nxd5 12. Nxd5 cxd5 13. Bd3 f6 14. Rxc8 Bxc8 15. Qa4 Qe8 16. Qxe8 Rxe8 17. Kd2 Bb7 18. Rc1 Rc8 19. Rxc8+ Bxc8 20. b4 Bd8 21. Ne1 Nc7 22. b5 a5 23. bxa6 Nxa6 24. Kc3 g6 25. h4 Kf7 26. Bg3 Nc7 27. Nc2 Bd7 28. Nb4 Nb5+ 29. Kb3 Be7 30. Bb8 Ke8 31. h5 f5 32. hxg6 hxg6 33. f3 Bd6 34. Bxd6 Nxd6 35. g4 g5 36. gxf5 Nxf5 37. Bxf5 exf5 38. Kc3 Be6 39. Nd3 g4 40. Nf4 Kd7 41. Kd2 gxf3 42. Nd3 Kc6 43. Ke1 Kb5 44. Nb2 Bf7 45. Kf2 1/2-1/2

[Event "Belgrade (Women) 52nd"]
[Site "Belgrade"]
[Date "2020.03.04"]
[Round "2"]
[White "Nestorovic, Katarina"]
[Black "Dimitrova, Aleksandra"]
[Result "0-1"]
[WhiteElo "2027"]
[BlackElo "2251"]
[PlyCount "64"]
[EventDate "2020.03.03"]
[EventType "tourn"]
[EventRounds "9"]
[EventCountry "SRB"]
[SourceTitle "CBM 195 Extra"]
[Source "ChessBase"]
[SourceDate "2020.05.31"]
[SourceVersion "1"]
[SourceVersionDate "2020.05.31"]
[SourceQuality "1"]

1. e4 c5 2. Nf3 e6 3. d4 cxd4 4. Nxd4 Nc6 5. Nc3 Qc7 6. Be3 a6 7. a3 b5 8. Be2 Bb7 9. 0-0 Nf6 10. f4 d6 11. Bf3 Be7 12. Qe1 0-0 13. Kh1 Na5 14. Rd1 Nc4 15. Bc1 Rac8 16. Qg3 Nd7 17. f5 e5 18. f6 Bxf6 19. Nf5 Kh8 20. Bg4 Rcd8 21. b3 Ncb6 22. Rxd6 g6 23. Rxf6 Nxf6 24. Nh6 Nxg4 25. Nxg4 f6 26. h4 Qe7 27. Bh6 Rf7 28. Qf2 Nd7 29. Bg5 Qe6 30. Ne3 Kg7 31. Qg3 fxg5 32. Rxf7+ Qxf7 0-1

[Event "SRB-ch sf (Women)"]
[Site "Novi Banovci"]
[Date "2020.03.01"]
[Round "9"]
[White "Benderac, Ana"]
[Black "Nestorovic, Katarina"]
[Result "1/2-1/2"]
[WhiteElo "2169"]
[BlackElo "2027"]
[PlyCount "21"]
[EventDate "2020.02.24"]
[EventType "swiss"]
[EventRounds "9"]
[EventCountry "SRB"]
[SourceTitle "EXT 2021"]
[Source "ChessBase"]
[SourceDate "2020.10.23"]
[SourceVersion "1"]
[SourceVersionDate "2020.10.23"]
[SourceQuality "1"]

1. d4 Nf6 2. Nf3 e6 3. Bg5 c5 4. e3 Nc6 5. c3 d5 6. Bd3 Bd6 7. Nbd2 Qb6 8. Qb3 Qxb3 9. axb3 h6 10. Bh4 0-0 11. 0-0 1/2-1/2

[Event "SRB-ch sf (Women)"]
[Site "Novi Banovci"]
[Date "2020.02.28"]
[Round "7"]
[White "Gajcin, Marina"]
[Black "Nestorovic, Katarina"]
[Result "1/2-1/2"]
[WhiteElo "2273"]
[BlackElo "2027"]
[PlyCount "98"]
[EventDate "2020.02.24"]
[EventType "swiss"]
[EventRounds "9"]
[EventCountry "SRB"]
[SourceTitle "CBM 195 Extra"]
[Source "ChessBase"]
[SourceDate "2020.05.31"]
[SourceVersion "1"]
[SourceVersionDate "2020.05.31"]
[SourceQuality "1"]

1. e4 c5 2. Nf3 e6 3. d4 cxd4 4. Nxd4 Nf6 5. Nc3 d6 6. Be3 a6 7. g3 Be7 8. Bg2 0-0 9. 0-0 Qc7 10. g4 Nc6 11. g5 Nd7 12. f4 Nxd4 13. Bxd4 Nc5 14. f5 Bxg5 15. Qg4 f6 16. b4 Nd7 17. fxe6 Ne5 18. Nd5 Qd8 19. Bxe5 dxe5 20. h4 Bf4 21. Bh3 f5 22. Qg2 Bxe6 23. Nxf4 exf4 24. exf5 Bxf5 25. Rxf4 Bxh3 26. Rxf8+ Qxf8 27. Qxh3 Qxb4 28. Qb3+ Qxb3 29. cxb3 Rd8 30. Rc1 b5 31. h5 Rd6 32. a4 bxa4 33. bxa4 h6 34. Rc5 Kf7 35. Kg2 Ke6 36. Rc7 Kf6 37. Rc5 g6 38. hxg6 Kxg6 39. Kg3 Kf6 40. a5 Ke6 41. Kf4 Kd7 42. Rh5 Kc6 43. Ke4 Rg6 44. Kd4 Kd6 45. Ke4 Ke7 46. Rc5 Re6+ 47. Kf4 Kf6 48. Kg4 Kg6 49. Rd5 Kf6 1/2-1/2

[Event "SRB-chT (Women)"]
[Site "Subotica"]
[Date "2019.09.01"]
[Round "11.11"]
[White "Nestorovic, Katarina"]
[Black "Manakova, Maria"]
[Result "1-0"]
[WhiteElo "2159"]
[BlackElo "2237"]
[PlyCount "141"]
[EventDate "2019.08.22"]
[EventType "team-tourn"]
[EventRounds "11"]
[EventCountry "SRB"]
[SourceTitle "EXT 2020"]
[Source "ChessBase"]
[SourceDate "2019.10.17"]
[SourceVersion "1"]
[SourceVersionDate "2019.10.17"]
[SourceQuality "1"]
[WhiteTeam "Novi Sad Sah Kruzok (W)"]
[BlackTeam "Belgrade Rad (W)"]
[WhiteTeamCountry "SRB"]
[BlackTeamCountry "SRB"]

1. e4 c5 2. Nf3 Nc6 3. d4 cxd4 4. Nxd4 Nf6 5. Nc3 e5 6. Ndb5 d6 7. Bg5 a6 8. Na3 b5 9. Nd5 Be7 10. Bxf6 Bxf6 11. c4 b4 12. Nc2 0-0 13. g3 Bg5 14. Bg2 Qa5 15. 0-0 Qc5 16. h4 Bd8 17. b3 a5 18. Ne1 Rb8 19. Nd3 Qa7 20. Rc1 Bb6 21. Kh2 Bd4 22. h5 f5 23. exf5 Bxf5 24. g4 Be6 25. f4 Ne7 26. Qe2 Qd7 27. Kh3 Kh8 28. Nxe7 Qxe7 29. f5 Bd7 30. Nf4 Qg5 31. Rcd1 exf4 32. Rxd4 Rbe8 33. Re4 Bc6 34. Re6 Rxe6 35. fxe6 Bxg2+ 36. Kxg2 h6 37. Qf3 Qe5 38. Rd1 Qxe6 39. Rd4 Qe5 40. Rd5 Qb2+ 41. Qf2 f3+ 42. Kg3 Qc1 43. Rxa5 Re8 44. Kxf3 Rf8+ 45. Rf5 Rxf5+ 46. gxf5 Qg5 47. Qh2 Qxf5+ 48. Ke3 Qc5+ 49. Ke4 Kg8 50. Kd3 Qf5+ 51. Kd4 Qc5+ 52. Kd3 g6 53. hxg6 Kg7 54. Qg3 h5 55. Ke4 Qc6+ 56. Kf5 Qc8+ 57. Kg5 Qc5+ 58. Kh4 Qf5 59. Qg5 Qf2+ 60. Kxh5 Qh2+ 61. Kg4 Qe2+ 62. Kf4 Qd2+ 63. Kf5 Qxa2 64. Ke6 Qe2+ 65. Kd7 Qa2 66. Qe7+ Kh6 67. g7 Qa7+ 68. Kxd6 Qb6+ 69. Kd5 Kh7 70. g8Q+ Kxg8 71. Qe6+ 1-0

[Event "SRB-chT (Women)"]
[Site "Subotica"]
[Date "2019.08.31"]
[Round "10.3"]
[White "Stojadinov, Svetlana"]
[Black "Nestorovic, Katarina"]
[Result "0-1"]
[WhiteElo "2014"]
[BlackElo "2159"]
[PlyCount "118"]
[EventDate "2019.08.22"]
[EventType "team-tourn"]
[EventRounds "11"]
[EventCountry "SRB"]
[SourceTitle "EXT 2020"]
[Source "ChessBase"]
[SourceDate "2019.10.17"]
[SourceVersion "1"]
[SourceVersionDate "2019.10.17"]
[SourceQuality "1"]
[WhiteTeam "Novi Sad CC (W)"]
[BlackTeam "Novi Sad Sah Kruzok (W)"]
[WhiteTeamCountry "SRB"]
[BlackTeamCountry "SRB"]

1. e4 c5 2. Nc3 e6 3. g3 Nc6 4. Bg2 g6 5. d3 Bg7 6. Be3 d6 7. Nge2 Nge7 8. 0-0 Nd4 9. Qd2 0-0 10. Nd1 Nxe2+ 11. Qxe2 Rb8 12. a4 Nc6 13. c3 Qa5 14. Ra3 b5 15. axb5 Qxb5 16. Qd2 Ba6 17. d4 Na5 18. b3 Nxb3 19. Qa2 Rb6 20. c4 Qxc4 21. Nb2 Qc2 22. Rxa6 Rxa6 23. Qxa6 cxd4 24. Bg5 Qxb2 25. Be7 Re8 26. Bxd6 Nd2 27. Qc6 Rd8 28. Rd1 Qc3 29. e5 Rc8 30. Qb7 Nb3 31. Rd3 Qc1+ 32. Bf1 Na5 33. Qxa7 Nc6 34. Qb7 Nxe5 35. Rd1 Qc6 36. Qxc6 Nxc6 37. Ba6 Rd8 38. Bc7 Rd7 39. Bb6 Ne5 40. f4 Rd6 41. Bc5 Rxa6 42. fxe5 Bxe5 43. Bxd4 Bxd4+ 44. Rxd4 Ra2 45. h4 h5 46. Kf1 Kg7 47. Rf4 e5 48. Re4 Kf6 49. Rb4 Kf5 50. Rb3 e4 51. Re3 Rd2 52. Re1 Ke5 53. Kg1 Kd4 54. Ra1 e3 55. Kf1 Ke4 56. Ra4+ Rd4 57. Ra6 f5 58. Ke2 Rd2+ 59. Ke1 Kf3 0-1

[Event "SRB-chT (Women)"]
[Site "Subotica"]
[Date "2019.08.22"]
[Round "1.2"]
[White "Gaponenko, Inna"]
[Black "Nestorovic, Katarina"]
[Result "0-1"]
[WhiteElo "2446"]
[BlackElo "2159"]
[PlyCount "68"]
[EventDate "2019.08.22"]
[EventType "team-tourn"]
[EventRounds "11"]
[EventCountry "SRB"]
[SourceTitle "EXT 2020"]
[Source "ChessBase"]
[SourceDate "2019.10.17"]
[SourceVersion "1"]
[SourceVersionDate "2019.10.17"]
[SourceQuality "1"]
[WhiteTeam "Belgrade Bas (W)"]
[BlackTeam "Novi Sad Sah Kruzok (W)"]
[WhiteTeamCountry "SRB"]
[BlackTeamCountry "SRB"]

1. e4 c5 2. Nf3 e6 3. c3 Nf6 4. e5 Nd5 5. Bc4 Nc6 6. d4 cxd4 7. cxd4 Nb6 8. Bb3 d6 9. Bd2 Be7 10. 0-0 0-0 11. Nc3 Na5 12. exd6 Bxd6 13. Bc2 Be7 14. Bf4 Nd5 15. Bg3 b6 16. Nxd5 Qxd5 17. b4 Bb7 18. Re1 Nc4 19. Rc1 Rac8 20. Be4 Qd7 21. Rxc4 Rxc4 22. Ne5 Qb5 23. Bxb7 Rc3 24. a4 Qxb4 25. Nc6 Qa3 26. Qa1 Bf6 27. Qxa3 Rxa3 28. Bd6 Rxa4 29. Bxf8 Kxf8 30. Kf1 b5 31. Ke2 b4 32. Rd1 Ra2+ 33. Rd2 b3 34. Ne5 Bg5 0-1

[Event "EU-ch U18 Girls"]
[Site "Bratislava"]
[Date "2019.08.08"]
[Round "7"]
[White "Grigorieva, Yulia"]
[Black "Nestorovic, Katarina"]
[Result "1-0"]
[WhiteElo "2106"]
[BlackElo "2159"]
[PlyCount "65"]
[EventDate "2019.08.02"]
[EventType "swiss"]
[EventRounds "9"]
[EventCountry "SVK"]
[SourceTitle "CBM 191 Extra"]
[Source "ChessBase"]
[SourceDate "2019.09.30"]
[SourceVersion "1"]
[SourceVersionDate "2019.09.30"]
[SourceQuality "1"]

1. d4 Nf6 2. c4 e6 3. Nf3 b6 4. e3 Bb4+ 5. Nbd2 Bb7 6. Bd3 0-0 7. 0-0 d5 8. cxd5 exd5 9. a3 Bxd2 10. Bxd2 Nbd7 11. b4 Ne4 12. b5 Nxd2 13. Qxd2 a6 14. a4 g6 15. Qc2 Qb8 16. h4 Ra7 17. h5 Kg7 18. Ng5 c5 19. bxc6 Rc8 20. f4 Rxc6 21. Qf2 Nf6 22. hxg6 hxg6 23. f5 Qd6 24. fxg6 fxg6 25. Qh4 Nh5 26. Rf7+ Kg8 27. Raf1 Rc8 28. Qf2 b5 29. Bxg6 Qxg6 30. Rf8+ Kg7 31. Rxc8 Kh6 32. Nf7+ Kg7 33. Rc7 1-0

[Event "EU-ch U18 Girls"]
[Site "Bratislava"]
[Date "2019.08.02"]
[Round "1"]
[White "Olde, Grete"]
[Black "Nestorovic, Katarina"]
[Result "1-0"]
[WhiteElo "1829"]
[BlackElo "2159"]
[PlyCount "119"]
[EventDate "2019.08.02"]
[EventType "swiss"]
[EventRounds "9"]
[EventCountry "SVK"]
[SourceTitle "CBM 191 Extra"]
[Source "ChessBase"]
[SourceDate "2019.09.30"]
[SourceVersion "1"]
[SourceVersionDate "2019.09.30"]
[SourceQuality "1"]

1. e4 c5 2. Nc3 d6 3. g3 Nc6 4. Bg2 g6 5. f4 Bg7 6. Nf3 e6 7. 0-0 Nge7 8. d3 Rb8 9. Be3 0-0 10. Qd2 b5 11. d4 Qb6 12. dxc5 dxc5 13. Qf2 Nd4 14. g4 Ba6 15. Rfe1 Rfd8 16. e5 Bb7 17. Rad1 Nxf3+ 18. Bxf3 Bxf3 19. Qxf3 f5 20. Qf2 fxg4 21. Bxc5 Qb7 22. Bxa7 Rxd1 23. Rxd1 Rf8 24. Bd4 g5 25. Qg3 Nf5 26. Qg2 Qxg2+ 27. Kxg2 Nxd4 28. Rxd4 gxf4 29. Nxb5 Bxe5 30. Re4 Rf5 31. c3 h5 32. Nd4 f3+ 33. Kf2 Bxd4+ 34. Rxd4 e5 35. Re4 Kf7 36. a4 Ke6 37. a5 Kd5 38. Ra4 e4 39. a6 Rf8 40. a7 e3+ 41. Kxe3 Ra8 42. h3 Kc5 43. hxg4 hxg4 44. Rxg4 Rxa7 45. Kxf3 Re7 46. Re4 Rb7 47. b4+ Kb5 48. Ke3 Rc7 49. Kd3 Ka4 50. Re1 Rc8 51. Kc2 Kb5 52. Kb3 Rf8 53. Re5+ Kc6 54. b5+ Kb6 55. Kb4 Rf4+ 56. c4 Rh4 57. Rd5 Rg4 58. Rd6+ Kc7 59. Rh6 Rf4 60. b6+ 1-0

[Event "Paracin Summer op-A 12th"]
[Site "Paracin"]
[Date "2019.07.10"]
[Round "7"]
[White "Kosmidis, Ioannis"]
[Black "Nestorovic, Katarina"]
[Result "1-0"]
[WhiteElo "2100"]
[BlackElo "2179"]
[PlyCount "97"]
[EventDate "2019.07.05"]
[EventType "swiss"]
[EventRounds "9"]
[EventCountry "SRB"]
[SourceTitle "EXT 2020"]
[Source "ChessBase"]
[SourceDate "2019.10.17"]
[SourceVersion "1"]
[SourceVersionDate "2019.10.17"]
[SourceQuality "1"]

1. d4 Nf6 2. c4 e6 3. g3 Bb4+ 4. Bd2 Be7 5. Bg2 d5 6. Nf3 0-0 7. 0-0 Nbd7 8. Qc2 b6 9. cxd5 exd5 10. Bf4 c5 11. Nc3 Bb7 12. Rfd1 Rc8 13. Rac1 Ne4 14. Qd3 Nxc3 15. Rxc3 c4 16. Qf5 Nf6 17. Ne5 b5 18. Qh3 Qa5 19. g4 b4 20. Rxc4 dxc4 21. Bxb7 Rc7 22. Nc6 Rxc6 23. Bxc6 Qa6 24. d5 c3 25. bxc3 Qxe2 26. Rd2 Qe4 27. Qe3 Qb1+ 28. Kg2 bxc3 29. Re2 Bb4 30. h3 Qd1 31. d6 c2 32. Bf3 Bxd6 33. Rxc2 Qxc2 34. Bxd6 Re8 35. Qxa7 h6 36. a4 Qd3 37. Bf4 Re1 38. a5 Qf1+ 39. Kg3 g5 40. Be3 Ra1 41. Qe7 h5 42. Bxg5 Qg1+ 43. Bg2 Rb1 44. Qd8+ Kh7 45. Qxf6 Rb3+ 46. Be3 Kg8 47. gxh5 Ra3 48. Qg5+ Kh7 49. h6 1-0

[Event "Paracin Summer op-A 12th"]
[Site "Paracin"]
[Date "2019.07.06"]
[Round "2"]
[White "McPhillips, Joseph"]
[Black "Nestorovic, Katarina"]
[Result "1-0"]
[WhiteElo "2412"]
[BlackElo "2179"]
[PlyCount "80"]
[EventDate "2019.07.05"]
[EventType "swiss"]
[EventRounds "9"]
[EventCountry "SRB"]
[SourceTitle "CBM 191 Extra"]
[Source "ChessBase"]
[SourceDate "2019.09.30"]
[SourceVersion "1"]
[SourceVersionDate "2019.09.30"]
[SourceQuality "1"]

1. d4 Nf6 2. Nf3 e6 3. Bf4 c5 4. e3 d5 5. c3 Nc6 6. Nbd2 Bd6 7. Bg3 0-0 8. Bb5 Ne7 9. Bd3 Qc7 10. 0-0 b6 11. Rc1 Bb7 12. Qa4 Bc6 13. Qa3 Bxg3 14. hxg3 c4 15. Bc2 a5 16. b3 b5 17. Rfe1 Rfb8 18. bxc4 dxc4 19. Qc5 Ned5 20. Ne5 Ra6 21. a4 Qb7 22. axb5 Bxb5 23. Qa3 Qc7 24. Rb1 Nd7 25. Nxd7 Qxd7 26. Ne4 Qd8 27. Nc5 Ra7 28. e4 Nc7 29. Ba4 Qe8 30. Qa2 Rc8 31. Rxb5 Nxb5 32. Qb2 Rb8 33. Rb1 Qd8 34. Bxb5 a4 35. Qa2 a3 36. Bxc4 g6 37. e5 Rxb1+ 38. Qxb1 Kg7 39. Ba2 Qa5 40. Qb3 Rc7 1-0

[Event "Djenovici TS05 IM 3rd"]
[Site "Djenovici"]
[Date "2019.05.19"]
[Round "3"]
[White "Nestorovic, Katarina"]
[Black "Zherebtsova, Alexandra"]
[Result "1/2-1/2"]
[WhiteElo "2132"]
[BlackElo "2205"]
[PlyCount "37"]
[EventDate "2019.05.18"]
[EventType "tourn"]
[EventRounds "9"]
[EventCountry "MNE"]
[SourceTitle "CBM 190 Extra"]
[Source "ChessBase"]
[SourceDate "2019.07.15"]
[SourceVersion "1"]
[SourceVersionDate "2019.07.15"]
[SourceQuality "1"]

1. e4 e5 2. Nf3 Nc6 3. d4 exd4 4. Nxd4 Nf6 5. Nxc6 bxc6 6. Qd4 Qe7 7. Nc3 Bb7 8. Bd3 Qc5 9. Be3 Qxd4 10. Bxd4 Bb4 11. a3 Ba5 12. 0-0-0 Bb6 13. Bxb6 axb6 14. f3 d6 15. Rhe1 0-0 16. e5 dxe5 17. Rxe5 Rfe8 18. Rde1 Kf8 19. Kd2 1/2-1/2

[Event "Djenovici TS05 IM 3rd"]
[Site "Djenovici"]
[Date "2019.05.18"]
[Round "1"]
[White "Nestorovic, Katarina"]
[Black "Nestorovic, Dejan"]
[Result "1/2-1/2"]
[WhiteElo "2132"]
[BlackElo "2354"]
[PlyCount "26"]
[EventDate "2019.05.18"]
[EventType "tourn"]
[EventRounds "9"]
[EventCountry "MNE"]
[SourceTitle "CBM 190 Extra"]
[Source "ChessBase"]
[SourceDate "2019.07.15"]
[SourceVersion "1"]
[SourceVersionDate "2019.07.15"]
[SourceQuality "1"]

1. e4 e5 2. Nf3 Nc6 3. Nc3 d6 4. d4 exd4 5. Nxd4 Nf6 6. Nxc6 bxc6 7. Bd3 Be7 8. 0-0 0-0 9. h3 Re8 10. Bf4 Nd7 11. Qd2 Bf6 12. Rfe1 Be5 13. Bxe5 Nxe5 1/2-1/2

[Event "SRB-ch (Women) 13th"]
[Site "Guca"]
[Date "2019.05.12"]
[Round "7"]
[White "Nestorovic, Katarina"]
[Black "Chelushkina, Irina"]
[Result "1/2-1/2"]
[WhiteElo "2132"]
[BlackElo "2272"]
[PlyCount "84"]
[EventDate "2019.05.06"]
[EventType "tourn"]
[EventRounds "9"]
[EventCountry "SRB"]
[SourceTitle "CBM 190 Extra"]
[Source "ChessBase"]
[SourceDate "2019.07.15"]
[SourceVersion "1"]
[SourceVersionDate "2019.07.15"]
[SourceQuality "1"]

1. e4 c6 2. d4 d5 3. Nd2 dxe4 4. Nxe4 Nf6 5. Nxf6+ exf6 6. c3 Be6 7. Qc2 Nd7 8. Bd3 Bd6 9. Ne2 Qc7 10. Be3 g6 11. 0-0-0 b5 12. g3 Nb6 13. Nf4 Bg4 14. Be2 Bxe2 15. Qxe2 0-0-0 16. d5 Rhe8 17. dxc6 Qxc6 18. Kb1 Bxf4 19. Qg4+ f5 20. Qxf4 Nd5 21. Qh6 Nxe3 22. fxe3 Qe4+ 23. Ka1 Rd3 24. a3 Red8 25. Rde1 Rd2 26. Qxh7 Qc4 27. Qg7 Rxb2 28. Kxb2 Rd2+ 29. Kc1 Qa2 30. Qf8+ Kb7 31. Qxf7+ Qxf7 32. Kxd2 Qa2+ 33. Kd3 Qxa3 34. Ra1 Qd6+ 35. Kc2 Qe5 36. Rhd1 Qe4+ 37. Kb3 Qe6+ 38. Kb2 a6 39. Rd3 Qe5 40. Rd7+ Kb6 41. Rad1 a5 42. R1d5 Qxe3 1/2-1/2

[Event "SRB-ch (Women) 13th"]
[Site "Guca"]
[Date "2019.05.10"]
[Round "5"]
[White "Nestorovic, Katarina"]
[Black "Bojicic, Andjela"]
[Result "1-0"]
[WhiteElo "2132"]
[BlackElo "2105"]
[PlyCount "99"]
[EventDate "2019.05.06"]
[EventType "tourn"]
[EventRounds "9"]
[EventCountry "SRB"]
[SourceTitle "CBM 190 Extra"]
[Source "ChessBase"]
[SourceDate "2019.07.15"]
[SourceVersion "1"]
[SourceVersionDate "2019.07.15"]
[SourceQuality "1"]

1. e4 c5 2. Nf3 d6 3. d4 cxd4 4. Nxd4 Nf6 5. Nc3 g6 6. f4 Nc6 7. Nxc6 bxc6 8. e5 Nd7 9. Qf3 Bb7 10. Bd2 Bg7 11. 0-0-0 0-0 12. h4 dxe5 13. h5 exf4 14. hxg6 Nf6 15. Bxf4 Qa5 16. gxh7+ Kh8 17. Kb1 Bc8 18. Qxc6 Bg4 19. Bc7 Qg5 20. Re1 Bd7 21. Qf3 Rac8 22. Bf4 Qa5 23. Re5 Qb6 24. Bh6 Bxh6 25. Rxh6 Bg4 26. Qe3 Qd6 27. Bd3 Rxc3 28. bxc3 Rb8+ 29. Rb5 Rxb5+ 30. Bxb5 Qb8 31. a4 Be6 32. Qg5 a6 33. Rxf6 exf6 34. Qg8+ Qxg8 35. hxg8Q+ Kxg8 36. Bxa6 Kf8 37. Bb7 Ke7 38. a5 Kd6 39. a6 Kc7 40. Kb2 Kb6 41. Ka3 Bf5 42. Kb3 Bg4 43. c4 Be6 44. Kb4 Bf5 45. c5+ Ka7 46. c3 Bd3 47. g3 f5 48. Ka5 f4 49. gxf4 f5 50. c6 1-0